000 00204nam a22000857a 4500
008 170303b xxu||||| |||| 00| 0 eng d
100 _93021
_aCCE
245 _aEnglish Language-X
260 _aNew Delhi
_bGBP
_c2010
999 _c6263
_d6263